Editovanie trojrozmerných UML diagramov

Salvato in:
Dettagli Bibliografici
Autore principale: Jenis, Matej (Autore)
Altri autori: Polášek, Ivan (Relatore della tesi)
Natura: Manoscritto Libro
Lingua:slovacco
Pubblicazione: 2015
Soggetti:
Accesso online:http://is.stuba.sk/zp/portal_zp.pl?podrobnosti=97121
Tags: Aggiungi Tag
Nessun Tag, puoi essere il primo ad aggiungerne!!

MARC

LEADER 00000ntm a22000003a 4500
001 stuzp53529
003 SK-STU
005 20160229160323.5
007 ta
008 150427s2015----xo-----f-mn---000-0-slo-d
040 |a STU  |b slo 
041 0 |a slo 
044 |a xo 
100 1 |a Jenis, Matej  |u 070200  |4 aut  |U FIIT Fakulta informatiky a informačných technológií  |T FIIT Ústav informatiky a softvérového inžinierstva  |X 52533  |U I200  |Y 179  |7 52533 
242 0 1 |a Editing of three-dimensional UML diagrams  |y eng 
245 1 0 |a Editovanie trojrozmerných UML diagramov 
260 |c 2015 
300 |a 73 s.  |b CD-ROM 
650 4 |a UML  |2 slo 
650 4 |a update  |2 slo 
650 4 |a 3D  |2 slo 
650 4 |a sekvenčný diagram  |2 slo 
650 4 |a UML  |2 eng 
650 4 |a 3D  |2 eng 
650 4 |a update  |2 eng 
650 4 |a sequence diagram  |2 eng 
700 1 |a Polášek, Ivan  |4 ths  |X 1426  |7 1426 
856 4 |u http://is.stuba.sk/zp/portal_zp.pl?podrobnosti=97121 
996 |b 10828  |c I* BAP 36/2015  |l II680  |s P  |a 0  |w stuzp53529_0001